000 00960nam a2200277Ia 4500
003 OSt
005 20220930084431.0
006 a|||||r|||| 00| 0
007 ta
008 220926b |||||||| |||| 00| 0 eng d
024 _a84209
037 _cTheses
040 _aCRL
_cCRL
_beng
041 _2eng
_aeng
100 _aBansal Rajesh
_9537678
110 _aUniversity of Delhi. Faculty of Medical Sciences. Department of Surgery
245 0 _aEvaluation of differences in renal structure and function in patients with unilateral renal stone disease
260 _c2005
650 _aSURGERY
700 _a Dr. Ravi Kashyap Gu.
700 _a Dr. Sanjay Gupta Gu.
_9532758
700 _a Dr. U. K. Shrivastava Gu.
_9536803
700 _aUniversity of Delhi. Faculty of Medical Sciences. Department of Surgery
942 _cDIS
_2CC
999 _c877211
_d877211